| 000 | 00355cam a2200145ua 4500 | ||
|---|---|---|---|
| 003 | OSt | ||
| 008 | 240213b |||||||| |||| 00| 0 eng d | ||
| 041 | _aeng | ||
| 082 |
_a633.1 _bSTO/CE |
||
| 100 |
_aStoskopf, Neal C . _95831 |
||
| 245 | _aCercal grain crops / | ||
| 260 |
_aVirginia : _bReston Publishing Co , _c1985. |
||
| 300 | _a516 ; . | ||
| 942 | _cBK | ||
| 999 |
_c2988 _d2988 |
||